00608 a2200193 450000100060000002000150000604000240002110000190004524000360006424500310010030000070013136200090013844000150014765000310016294200070019395201010020095200960030199900170039770179 a8528103676 cAnchieta - Itaigara aGeras, Adéle10aA flauta mágica/Turandotlpor10aA flauta mágica/Turandot a390 a2000 1aSalamandra 4aLiteratura infanto-juvenil cBK 00104070a88.1b88.1d2023-11-21l0o028.5 FLAp3356/ITAr2023-11-21 20:05:05w2023-11-21yBK 00102ddc4070a57.2b57.2d2024-07-01l0pIF246r2024-07-01 19:29:27w2024-07-01yBKzAu c70179d70179